Religion Quiz

Random Religion Quiz
Score 0/15 Timer 10:00
0 Plays Today
Hint Answer % Correct
ما هو إرتفاع القدس ؟30
83.3%
كم مائدة توجد في القدس ؟10
83.3%
عدد الحجرات المحيطة بالمسكن 30
83.3%
ما هو طول المسكن ؟60
76.7%
ما هو الإرتفاع الكلي ل العمودين ؟35
60%
بني الهيكل في كم سنة ؟7
56.7%
كم مرة يدخل رئيس الكهنة قدس الأقداس في السنة ؟1
53.3%
ما هو اسم العمود الذي يوجد على يمين الهيكل ؟ياكين
46.7%
Hint Answer % Correct
ما معنى كلمة بوعز ؟في الرب قوتي
43.3%
عدد الكاروبيم الكلي في قدس الأقداس ؟4
40%
نوع القماش الذي صنع منه حجاب قدس الأقداس ؟الارجوان
36.7%
ما هي النقوش التي كانت موجودة على حجاب قدس الأقداس ؟الكاروبيم
30%
ما هو نوع الخشب التي صنعت منه الأرضية ؟السرو
26.7%
ماذا يمثل كل من بحر النحاس و مذبح المحرقة ؟الماء و الدم عند الصلب
20%
ما فائدة المراحيض ؟غسل الضحية
16.7%
Remove Ads.
Support Sporcle.
Get the best of Sporcle when you Go Orange. This ad-free experience offers more features, more stats, and more fun while also helping to support Sporcle. Thank you for becoming a member.

You're not logged in!

Compare scores with friends on all Sporcle quizzes.
OR
Log In

Sporcle TV

Today on Sporcle TV


Watch our educational content, quiz creation guides, and fun videos on Sporcle TV.

Show Comments

Extras

Created Jul 16, 2020ReportNominate
Tags:temple

Top Quizzes Today


Score Distribution

Paid Content

Your Account Isn't Verified!

In order to create a playlist on Sporcle, you need to verify the email address you used during registration. Go to your Sporcle Settings to finish the process.

Report this User

Report this user for behavior that violates our Community Guidelines.

Details: